| 000 | 00659nam a2200205 i 4500 | ||
|---|---|---|---|
| 001 | 132068 | ||
| 003 | ES-MaACL | ||
| 005 | 20251116063105.0 | ||
| 007 | t| | ||
| 008 | 070214s1980 sp |||| |dspa d | ||
| 080 | _a821.134.2-31"19" | ||
| 080 | _a929 Garcia Lorca, Federico(0:82) | ||
| 100 | 1 |
_aRojas, Carlos, _d1928- _9161767 |
|
| 245 | 1 | 3 |
_aEl ingenioso hidalgo y poeta Federico García Lorca asciende a los infiernos / _cCarlos Rojas. |
| 260 |
_aBarcelona : _bDestino, _c1980. |
||
| 300 |
_a193 p. ; _c21 cm. |
||
| 600 | 1 | 7 |
_aGarcía Lorca, Federico, _d1898-1936- _vNovelas _2 _9161795 |
| 852 |
_aES-MaACL _jL-1509 |
||
| 999 |
_c132068 _d132068 |
||